000 01039nac a22002531u 4500
010 _a 96043292
020 _a0070242666
082 0 0 _a690.0151
_bGER
090 _c9313
_d9313
100 _aGerhart, James.
245 1 0 _aEveryday math for the building trades /
_cJames Gerhart.
260 _aNew York :
_bMcGraw-Hill,c1997.
_cc1997.
300 _aviii, 247 p. :
_bill. ;
_c21 cm.
500 _a"A time-saving field guide"--Cover.
500 _aIncludes index.
500 _aDistributer: AL-Ahram.
511 _aCatalogued By: Mahitab.
650 0 _aBuilding
_xMathematics.
856 4 2 _3Contributor biographical information
_uhttp://www.loc.gov/catdir/enhancements/fy0602/96043292-b.html
856 4 2 _3Publisher description
_uhttp://www.loc.gov/catdir/enhancements/fy0602/96043292-d.html
856 4 2 _3Table of contents only
_uhttp://www.loc.gov/catdir/enhancements/fy0602/96043292-t.html
942 _cBB
_k690.0151GER
999 _c9313
_d9313